00418nam a2200181Ia 4500003000900000008004100009040001300050040001300063041000800076100002000084245005400104250001000158260001700168260000900185300001000194490000600204600002600210IT-RoPAU120407s9999 xx 000 0 und d aIT-RoPAU cIT-RoPAU afra aAdolphe Venturi aLéonard de Vinci et son école. 112 planches. aParis aEd. Rombaldi c1948 c25 cm v1 a1. Leonardo da Vinci.